000 00211nam a2200097Ia 4500
008 240331s9999 xx 000 0 und d
082 _bFEM
100 _aElam, D. ed
245 0 _aFeminism Beside itself
942 _cL
999 _c1905
_d1905